| 000 | 00725nam a22002297a 4500 | ||
|---|---|---|---|
| 999 |
_c13331 _d13331 |
||
| 003 | AR-CdUCM | ||
| 008 | 190412b ||||| |||| 00| 0 spa d | ||
| 020 | _a978-612-309-015-9 | ||
| 040 |
_aMUNICIPALIDAD PROVINCIAL DEL CUSCO _cBIBLIOTECA MUNICIPAL DEL CUSCO |
||
| 082 |
_aEP / 372.808 / _bB35 |
||
| 100 |
_aBedoya, Rosa María _931699 |
||
| 245 | _aRoger Pirata / | ||
| 260 |
_aLima : _bSantillana ; _c2014. |
||
| 300 |
_a53 páginas ; _bIlustraciones _c22cm |
||
| 440 |
_aCuenta Cosas - Alfaguara _931695 |
||
| 505 | _aContenido: Cuentos | ||
| 650 |
_aCuentos _9312 |
||
| 650 |
_aEducación primaria _91561 |
||
| 700 |
_aAyni, Christian (ilustración) _931700 |
||
| 942 |
_2ddc _cLIBROS |
||
| 945 |
_anom _d2019-04-12 |
||